Statistics for Pro Football Hall of Fame Quiz

Click here to take the quiz!

General Stats

  • This quiz has been taken 33 times
    (19 since last reset)
  • The average score is 8 of 10

Answer Stats

QuestionAnswer% Correct
Members of the Hall of Fame are colloquially known as thisGold Jackets
100%
This NFL team is the only currently operating franchise without any Hall of Fame inducteesJacksonville Jaguars
94%
This player was the first to be inducted into the Hall of FameSammy Baugh
94%
The Pro Football Hall of Fame opened in this year1963
88%
The CFL and the NFL never induct the same person into the Hall of FameFalse
88%
This NFL head coach is technically the only active member of the NFL in the Hall of FameBill Belichick
75%
This group of personnel has famously been left out of the Hall of FameReferees
75%
The Hall of Fame has this many members346
69%
The NFL owns and operates a stadium adjacent to the Hall of FameTrue
69%
This player was the most recent first-ballot Hall of FamerTroy Polamalu
63%

Score Distribution

Percentile by Number Answered

Percent of People with Each Score

Your Score History

You have not taken this quiz since the last reset